| 000 | 00881cab a22002175a 4500 | ||
|---|---|---|---|
| 001 | L159978 | ||
| 008 | 150113e2016 xxk 000 0 eng d | ||
| 035 | _a(Sirsi) u159978 | ||
| 041 | 0 | _aeng | |
| 050 | _a692.2 $2 18 | ||
| 100 | 1 | _aKing, Vivien | |
| 245 | 0 | 0 |
_aI hereby award myself ... _h[electronic resource] |
| 260 |
_aLondon _bRICS _c2016 |
||
| 490 |
_aRICS Building Surveying Journal _vOctober 2016 - November 2016, 14(1) |
||
| 520 | _aConsiders a recent case Farrs Lane Developments Ltd v Bristol Magistrates' Court with implications for all surveyors making party wall awards. | ||
| 650 | 2 | 4 | _aPARTY WALL AWARDS |
| 650 | 2 | 4 | _aFARRS LANE DEVELOPMENTS LTD V BRISTOL MAGISTRATES' COURT |
| 690 |
_aParty walls _96258 |
||
| 856 | 4 | 0 |
_uhttps://www.rics.org/Global/BSJ-BCJ%20Oct%20Nov%202016%20Interactive.pdf _zView the article free of charge at www.rics.org... |
| 942 | _n0 | ||
| 999 |
_c85098 _d85098 |
||